Annales de l'I.N.S.E.E.
Enregistré dans:
| Format: | Publication en série |
|---|---|
| Langue: | français |
| Publié: |
Paris
Institut national de la statistique et des études économiques
1981
|
| Tags: |
Pas de tags, Soyez le premier à ajouter un tag!
|
MARC
| LEADER | 00000nas2a2200000 4500 | ||
|---|---|---|---|
| 001 | 0006762 | ||
| 005 | 20250730114230.0 | ||
| 022 | |a 0019-0209 | ||
| 041 | 0 | |a fre | |
| 044 | |a FR | ||
| 245 | 1 | 0 | |a Annales de l'I.N.S.E.E. |
| 264 | 1 | |a Paris |b Institut national de la statistique et des études économiques |c 1981 | |
| 773 | 0 | |w eu_un_cat*0006780 | |